00609nam a2200169 a 450000100100000000500170001000800410002704000250006808200170009310000210011024501020013126000330023330000210026650400740028753400530036170000250041400002437320200930022945.0110126s1967 sp r 000 0 spa d aDO-SdBNPbspacBNPHU axxxxxbS782r1 aStalin, Svetlana10aRusia, mi padre y yo :bveinte cartas a un amigo /cSvetlana Stalin ; traducción Augusto Vidal. aBarcelona :bPlaneta,c1967. a325 p. ;c22 cm. aIncluye referencias bibliográficas y notas al pie de las páginas. pTítulo original :tDvádtsat písem k drugu.1 aVidal, Augusto,etr.